IFM Opac

A CASEBOOK ON TRUSTS (Record no. 17102)

MARC details
000 -LEADER
fixed length control field 00386nam a22001577a 4500
082 ## - DEWEY DECIMAL CLASSIFICATION NUMBER
Classification number 346.066NAT
100 ## - MAIN ENTRY--PERSONAL NAME
Personal name NATHAN AND MARSHALL
245 ## - TITLE STATEMENT
Title A CASEBOOK ON TRUSTS
250 ## - EDITION STATEMENT
Edition statement FIFTH EDITION
260 ## - PUBLICATION, DISTRIBUTION, ETC.
Place of publication, distribution, etc. LONDON
Name of publisher, distributor, etc. STEVENS AND SONS
Date of publication, distribution, etc. 1967
300 ## - PHYSICAL DESCRIPTION
Extent 509p
Other physical details ill;23cm
505 ## - FORMATTED CONTENTS NOTE
Formatted contents note include, index
650 ## - SUBJECT ADDED ENTRY--TOPICAL TERM
Topical term or geographic name entry element a casebook on trust
700 ## - ADDED ENTRY--PERSONAL NAME
Personal name nathan and marshall
942 ## - ADDED ENTRY ELEMENTS (KOHA)
Koha item type Books
Holdings
Withdrawn status Lost status Source of classification or shelving scheme Damaged status Not for loan Home library Current library Shelving location Date acquired Full call number Barcode Date last seen Price effective from Koha item type
    Dewey Decimal Classification     IFM Main Campus Library IFM Main Campus Library   07/27/2017 346.066NAT 0000008413 07/27/2017 07/27/2017 Books